Intermediate microeconomics (Record no. 31230)

MARC details
000 -LEADER
fixed length control field 00453nam a2200193Ia 4500
020 ## - INTERNATIONAL STANDARD BOOK NUMBER
ISBN 0- 393- 97830-3
050 ## - CALL MARK
Classification number HB 172 .V34/
100 ## - STATEMENT OF RESPONSIBILITY--MAIN AUTHOR NAME
Personal name Varian, Hal R.
245 #0 - TITLE STATEMENT
Title Intermediate microeconomics
250 ## - EDITION / VOLUME STATEMENT
Edition / Volume statement 6th ed.
260 ## - PUBLICATION, DISTRIBUTION, ETC. (IMPRINT)
Place of publication Florida
260 ## - PUBLICATION, DISTRIBUTION, ETC. (IMPRINT)
Name of publisher W.W. Norton & company
260 ## - PUBLICATION, DISTRIBUTION, ETC. (IMPRINT)
Year of publication 2003
300 ## - PHYSICAL DESCRIPTION
Number of Pages 688 p
650 ## - SUBJECT ADDED ENTRY--TOPICAL TERM
Topical Term Microeconomics
942 ## - ADDED ENTRY ELEMENTS (KOHA)
Koha item type Books
Holdings
Withdrawn status Lost status Source of classification or shelving scheme Damaged status Not for loan Permanent Location Current Location Date acquired Accession Number Price effective from Koha item type
    Library of Congress Classification     NILE UNIVERSITY OF NIGERIA - MAIN LIBRARY NILE UNIVERSITY OF NIGERIA - MAIN LIBRARY 04/23/2025 0002714 04/23/2025 Books